| 000 | 00772nam a2200217 u 4500 | ||
|---|---|---|---|
| 005 | 20240227063618.0 | ||
| 008 | 180125s2013 mx r 000 0 spa d | ||
| 020 | _a9786074624144 | ||
| 035 | _aUPN01000222437 | ||
| 049 | _aCG | ||
| 050 | 4 |
_aHQ561 _bG6.4 |
|
| 100 | 1 |
_aGonzalbo, Pilar, _d1935-2024 _928880 |
|
| 245 | 0 | 0 |
_aEduación, familia y vida cotidiana en México virreinal / _cPilar Gonzalbo Aizpuru. |
| 260 |
_aMéxico : _bEl Colegio de México, Centro de Estudios Históricos, _c2013. |
||
| 300 |
_a168 p. : _bil., cuadros + _e1 CD-ROM ; 4 3/4 plgs. |
||
| 650 | 4 |
_aFamilias _zMéxico _xHistoria _97967 |
|
| 650 | 4 |
_aMATRIMONIO - _zMEXICO - _xHISTORIA _924531 |
|
| 651 | 4 |
_aMEXICO - _xVIDA SOCIAL Y COSTUMBRES - _xHISTORIA _924186 |
|
| 905 | _aLibro | ||
| 999 |
_c194534 _d194534 |
||